Quizzes
Events
Quiz Creation
Community
Videos
Private Events
Remove Ads
Sign In
Join for FREE
Feedback
Dark Mode
Quiz Categories
Sports
Geography
Music
Movies
Television
Just For Fun
Miscellaneous
History
Literature
Language
Science
Gaming
Entertainment
Religion
Holiday
For Kids
Quiz Lab
Recent
Popular Today
Quiz Kudos Today
Editor Picks
Curator Picks
Quizzes by...
Day
Popularity
Type
Ratings
Length
Year
Community
Subscriptions
Recent Discussions
Orange Saloon
Badges
Playlists
Quests
Create
Leaderboards
Showdown
Live 5
Trivia Bingo
Activity
Puzzle Library
Sporcle Events
Private Events
Virtual Trivia
Globe League
Become a Host
Pub Owners
SporcleCon
Opinionation
Our Games
Videos
Blog
Mobile Apps
Partnerships
Remove Ads and Go Orange
Feedback
Sports
Athletes
MLB
NBA
NHL
NFL
Soccer
Sports Teams
WWE
NCAA
Football
Premier League
Basketball
Baseball
Hockey
Golf
Tennis
Cricket
Rugby
Auto Racing
Olympics
World Cup
Sports
Athletes
MLB
NBA
NHL
NFL
Soccer
Sports Teams
WWE
NCAA
Football
Premier League
Basketball
Baseball
Hockey
Golf
Tennis
Cricket
Rugby
Auto Racing
Olympics
World Cup
Random Quiz
Search Sporcle
×
Quiz Lab
Quiz Lab
Sports
NHL
Type in answers that appear in a list
Type in answers that appear in a list
Classic
Best Score? Go Orange.
NHL Second Overall Draft Picks Stats
Can you name the NHL Second Overall Draft Picks?
By
pensfan66
10m
54 Questions
245 Plays
245 Plays
245 Plays
Comments
Comments
Give Quiz Kudos
Give Quiz Kudos
-
- Ratings
hide this ad
Replay
Link that replays current quiz
Next Quiz
Link to next quiz in quiz playlist
You Got
0%
They Got
Avg Score
32%
Avg Friend Score
Upgrade to see
Score Distribution
Jump to the score distribution portion of the page
Score
0/54
Timer
10:00
0
Plays Today
Year
Player
% Correct
2015
Jack Eichel
92.6%
2016
Patrik Laine
92.5%
2004
Evgeni Malkin
89.4%
2003
Eric Staal
76.7%
1999
Daniel Sedin
76.3%
2006
Jordan Staal
76.3%
2010
Tyler Seguin
76.3%
2011
Gabriel Landeskog
67.8%
2000
Dany Heatley
66.5%
2005
Bobby Ryan
66.5%
1997
Patrick Marleau
65.7%
2008
Drew Doughty
65.7%
2009
Victor Hedman
60.8%
2001
Jason Spezza
59.2%
2013
Aleksander Barkov
55.5%
2014
Sam Reinhart
55.5%
1998
David Legwand
49.8%
2012
Ryan Murray
49.4%
1988
Trevor Linden
49%
2007
James van Riemsdyk
48.6%
1993
Chris Pronger
47.8%
1992
Alexei Yashin
44.5%
2002
Kari Lehtonen
37.1%
1991
Pat Falloon
31%
1987
Brendan Shanahan
28.2%
1971
Marcel Dionne
26.1%
1981
Doug Smith
25.7%
Year
Player
% Correct
1983
Sylvain Turgeon
25.7%
1984
Kirk Muller
24.9%
1995
Wade Redden
24.5%
1990
Petr Nedved
21.6%
1982
Brian Bellows
20.8%
1986
Jimmy Carson
17.6%
1994
Oleg Tverdovsky
16.3%
1972
Jacques Richard
15.9%
1980
Dave Babych
15.1%
1970
Dale Tallon
12.7%
1974
Wilf Paiement
11%
1963
Pete Mahovlich
9.8%
1966
Brad Park
9.8%
1973
Tom Lysiak
9.4%
1977
Barry Beck
9.4%
1985
Craig Simpson
9.4%
1996
Andrei Zyuzin
8.6%
1978
Ryan Walter
6.9%
1989
Dave Chyzowski
6.5%
1969
Marc Tardif
6.1%
1979
Perry Turnbull
4.1%
1964
Alex Campbell
3.3%
1975
Barry Dean
3.3%
1976
Blair Chapman
2.9%
1967
Steve Rexe
2.4%
1965
Andy Culligan
2%
1968
Roger Belisle
2%
Quiz Playlist
Details
Report
Send in Message
Add To Playlist
Classic:
Type in answers that appear in a list
Last Updated: Apr 21, 2017
Quiz Scoreboard
CHALLENGE
Sign Up to Join the Scoreboard
Show All
Scores
Hide
Comments
May contain spoilers
Recently Published
An Introduction to Baseball
by treessimontrees
Sports
5m
Movies - When Are They Set?
by FPL_Elf
Movies
5m
Popular People in 1961
by mucciniale
History
6m
More to Explore
Quiz From the Vault
Featured Blog Post
Where Did the Easter Bunny Come From?
hide this ad
You Might Also Like...
Tags
Hockey Quiz
NHL Quiz
Draft Picks
NHL Player
Today's Top Quizzes in Sports
Browse Sports
hide this ad
Today's Top Quizzes in NHL
Browse NHL
Top Contributed Quizzes in Sports
1
Les meilleurs buteurs des matchs entre le PSG et l’OM
2
2022 World Cup Stars
3
FIFA Club World Cup Champions
4
Les entraîneurs de l'OM et du PSG au 21e siècle
5
Name the Premier League winners with different clubs
6
La finale Lions - Afrique du Sud 2021
7
Les joueurs passés par le LOSC et le RC Lens
8
Criteria MLB: Left Handed Sluggers
9
Players with Multiple 50 Home Run Seasons
10
5-to-1: UK Sports Teams
Explore More
Trending Topics
NBA
Marvel
Crossword
Harry Potter
Disney
Anime
Kpop
Pokémon
Song
NFL
Soccer
WWE
Country
The Office
Puzzle
hide this ad
More By:
pensfan66
Quiz
Plays
Rating
Category
Featured
Created
NHL Top Non-First Round Draft Picks
14,625
4.49
Sports
Feb 6, 2015
2015-16 NHL Salary Cap Hits
2,386
4.67
Sports
Sep 15, 2015
NHL Stats Leaders (active players)
780
4.00
Sports
Dec 3, 2014
2014-2015 NHL Captains and Alternates
745
3.50
Sports
Oct 29, 2014
2015 NHL All Stars
606
4.17
Sports
Jan 10, 2015
Go to Creator's Profile
Score Distribution
Quiz Creator Spotlight
pensfan66
Follow
Send a Message
Quizzes Created
-
Created Quiz Play Count
-
More By This Creator
Popular Quizzes Today
1
Find the Countries of Europe - No Outlines Minefield
2
Find the US States - No Outlines Minefield
3
The Countries of the World
4
Popular People in 1961
5
Find the US States
6
US States
7
1-10 Letter E Words III
8
Risky Map Clicking: Biggest States A-Z
More Sports Quizzes
MLB players with 25 hr and 25 sb , season , 1980s
Quiz Lab
Trending Quizzes
Risky Map Clicking: Least Populous States A-Z
1-10 Letter F Words
1-10 Letter G Words
Not Quite an Element Typing Challenge
One Thing in Common: United Kingdom
Recently Updated
Leaping Animals
pecheneg
Reality TV Shows (A-Z)
bhenderson79
Rickey Henderson's Hall of Fame Teammates
pecheneg
Champions League XIs: Arsenal
pecheneg
Quick Pick: Celebrities in WWE's Hall of Fame
aduchscher
A-Z Keypad Blitz II
pecheneg
Multiple Oscar Actors
pecheneg
Mystery Phrase Blitz: Oscar 'Best Actors'
pecheneg
F. Scott Fitzgerald Novels
LTH
Pick 3 Villains
ddd62291
Trending Topics
Crossword
NBA
Anime
Disney
Kpop
Harry Potter
Marvel
Country
Puzzle
Soccer
The Office
WWE
Pokémon
NFL
Song
Your Account Isn't Verified!
In order to create a playlist on Sporcle, you need to verify the email address you used during registration. Go to your
Sporcle Settings
to finish the process.
Report this User
Report this user for behavior that violates our
Community Guidelines
.
Details:
Send Report
Go to the Sporcle.com Mobile Site →
Comments